Sports Quiz

Random Sports or College Quiz

Active Players With 50 Sacks Quiz Stats

 Plays Quiz not verified by Sporcle

Score 0/24 Timer 10:00
0 Plays Today
Sacks Player % Correct
83.0Julius Peppers
79.7%
72.5DeMarcus Ware
79.4%
90.0Dwight Freeney
78.5%
131.5Jason Taylor
72.9%
76.5Jared Allen
68.9%
64.0Terrell Suggs
61%
61.5Justin Smith
58.5%
52.0Will Smith
58.5%
70.5Robert Mathis
50.3%
97.5John Abraham
46.9%
57.5Osi Umenyiora
46%
97.0Joey Porter
43.8%
Sacks Player % Correct
58.0Aaron Kampman
37.3%
54.0Trent Cole
32.2%
71.5Shaun Ellis
28%
65.0Andre Carter
22%
57.0Mike Vrabel
21.5%
51.5Julian Peterson
16.7%
90.0Trevor Pryce
16.4%
67.0Adewale Ogunleye
14.4%
52.5Shaun Phillips
14.1%
54.0James Hall
8.8%
61.0Phillip Daniels
5.4%
60.5Vonnie Holiday
3.1%

You're not logged in!

Compare scores with friends on all Sporcle quizzes.
OR
Log In

Show Comments

Extras

Created Nov 19, 2010ReportNominate
Tags:College Quiz, active, player, sack

Top Quizzes Today


Score Distribution

Your Account Isn't Verified!

In order to create a playlist on Sporcle, you need to verify the email address you used during registration. Go to your Sporcle Settings to finish the process.

Report this User

Report this user for behavior that violates our Community Guidelines.

Details: